000 00898cab a2200313 4500
001 WB2737-72
008 090401t1991 xxu||||| |||| 00| 0 eng d
035 _a(Sirsi) u60529
041 _aeng
245 _aJapan in the UK
260 _c1991
300 _aLOAN
350 _a0
490 _aFinancial Times
_v20 Setember 1991, (8)
520 _aReviews the growing economic influence of Japan in Britain including a detailed map and guide to Japanese factories and an examination of their property activities.
650 _aPROPERTY-COMMERCIAL PROPERTY
650 _aFACTORIES
650 _aFINANCIAL INSTITUTIONS
650 _aFOREIGN INVESTMENT
650 _aGOLF
650 _aINWARD INVESTMENT
650 _aJAPAN
650 _aMANUFACTURING INVESTMENT
650 _aTOURISM
650 _aTYNESIDE
690 _aSPECIAL REPORTS
942 _n0
948 _c04/03/1997
999 _c37349
_d37349